Welcome to CU Library Online Public Access Catalogue (OPAC)

Clinical Pediatric Urology/ (Record no. 4205)

MARC details
000 -LEADER
fixed length control field 00554nam a22001697a 4500
005 - DATE AND TIME OF LATEST TRANSACTION
control field 20250223154029.0
008 - FIXED-LENGTH DATA ELEMENTS--GENERAL INFORMATION
fixed length control field 250223b |||||||| |||| 00| 0 eng d
020 ## - INTERNATIONAL STANDARD BOOK NUMBER
International Standard Book Number 0721653510
050 ## - LIBRARY OF CONGRESS CALL NUMBER
Classification number RJ466
Item number .C53
100 ## - MAIN ENTRY--PERSONAL NAME
Personal name Kelalis, Panayotis P.
245 ## - TITLE STATEMENT
Title Clinical Pediatric Urology/
Remainder of title volume 2
Statement of responsibility, etc. Panayotis P. Kelalis, & Lowell R. King, Associate editor; A. Barry Belman
260 ## - PUBLICATION, DISTRIBUTION, ETC.
Place of publication, distribution, etc. Philadelphia
Name of publisher, distributor, etc. W. B. Saunders Company
Date of publication, distribution, etc. 1976
300 ## - PHYSICAL DESCRIPTION
Extent vii. 600-1107p.
Other physical details ill.
Dimensions 26.5cm
700 ## - ADDED ENTRY--PERSONAL NAME
Personal name King, Lowell R.
700 ## - ADDED ENTRY--PERSONAL NAME
Personal name Belman, A. Barry
942 ## - ADDED ENTRY ELEMENTS (KOHA)
Source of classification or shelving scheme Library of Congress Classification
Koha item type Books
Suppress in OPAC No
999 ## -
-- 4205
-- 4205
Holdings
Withdrawn status Lost status Source of classification or shelving scheme Damaged status Not for loan Collection Home library Current library Shelving location Date acquired Total checkouts Full call number Barcode Date last seen Copy number Price effective from Koha item type
    Library of Congress Classification     Non-fiction Science Library (Miotso) Science Library (Miotso) General stacks 02/23/2025   RJ466 .C53 KEL SLM00003858 02/23/2025 1 02/23/2025 Books
© 2023-2024 Copyright: Central University Libraries. All Rights Reserved | Created by: Mahone Tech Office